سيكولوجية الأسرة والوالدية / (رقم التسجيلة. 27774)
[ عرض عادي ]
| 000 -الفاتح | |
|---|---|
| حقل البيانات ثابتة الطول | 00903nam a22002297a 4500 |
| 003 - محدد رقم الضبط | |
| رقم الضبط | OSt |
| 005 - وقت وتاريخ اخر تعامل مع التسجيلة | |
| رقم الضبط | 20150408114117.0 |
| 008 - عناصر البيانات ثابتة الطول - معلومات عامة | |
| حقل البيانات ثابتة الطول | 130207s2011 ku ||||g b 00| 0 ara d |
| 020 ## - الرقم الدولى المعيارى للكتب | |
| الرقم الدولى المعيارى للكتاب | 9789996667967 |
| 040 ## - مصدر الفهرسة | |
| وكالة الفهرسة الأصلية | MU |
| لغة الفهرسة | ara |
| 082 04 - رقم تصنيف ديوى العشرى | |
| رقم الطبعة | 21 |
| رقم التصنيف | 306.85019 |
| رقم المادة | ر ب س |
| 100 1# - المدخل الرئيسى - إسم شخصى | |
| الإسم الشخصى | الرشيدي، بشير صالح |
| 9 (RLIN) | 13059 |
| 245 10 - بيان العنوان | |
| العنوان | سيكولوجية الأسرة والوالدية / |
| بيان المسئوليه,etc | بشير صالح الرشيدي، إبراهيم محمد الخليفي. |
| 250 ## - بيان الطبعة | |
| بيان الطبعة | ط. 3. |
| 260 ## - PUBLICATION, DISTRIBUTION, ETC. (IMPRINT) | |
| مكان الناشر او الموزع | حولي، الكويت : |
| اسم الناشر او الموزع | إنجاز العالمية للنشر، |
| تاريخ النشر أو التوزيع | 2011. |
| 300 ## - الوصف المادى | |
| التعداد | 626 ص. ؛ |
| أبعاد الوعاء | 24 سم. |
| 504 ## - تبصرة ببليوجرافية | |
| تبصرة ببليوجرافية,الخ | يشتمل على إرجاعات ببليوجرافية. |
| 650 #4 - المدخل الاضافى بالموضوع-مصطلح موضوعى | |
| مصطلح موضوعي أو اسم جغرافي كعنصر مدخل | الأسرة |
| التقسيم الفرعي العام | جوانب نفسية. |
| 9 (RLIN) | 21037 |
| 650 #4 - المدخل الاضافى بالموضوع-مصطلح موضوعى | |
| مصطلح موضوعي أو اسم جغرافي كعنصر مدخل | العلاقات الأسرية |
| التقسيم الفرعي العام | جوانب نفسية. |
| 9 (RLIN) | 21038 |
| 700 1# - المدخل الاضافى - اسم شخصى | |
| الإسم الشخصى | الخليفي، إبراهيم محمد |
| 9 (RLIN) | 21039 |
| 942 ## - عناصر المدخل الإضافي( كوها) | |
| مصدر التصنيف او مخطط الترفيف | Dewey Decimal Classification |
| Koha [default] item type | DVD |
| حالة الفقد | نموذج السعر الفعال | حالة تلف | ليس للاعارة | رقم الطلب | رقم النسخة | تاريخ الاكتساب | الموقع الحالي | الباركود | الفرع الرئيسي | Date last seen | نوع المادة فى نظام كوها | مصدر التصنيف او خطة الترفيف | Total Checkouts |
|---|---|---|---|---|---|---|---|---|---|---|---|---|---|
| 2013-03-10 | 306.85019 ر ب س | ن 1 | 2013-02-07 | المكتبة المركزية بالمجمعة (CL) | 00111578 | المكتبة المركزية بالمجمعة (CL) | 2013-03-10 | كتاب | Dewey Decimal Classification | ||||
| 2013-03-10 | 306.85019 ر ب س | ن 2 | 2013-02-07 | المكتبة المركزية بالمجمعة (CL) | 00111579 | المكتبة المركزية بالمجمعة (CL) | 2013-03-10 | كتاب | Dewey Decimal Classification | ||||
| 2013-03-10 | 306.85019 ر ب س | ن 3 | 2013-02-07 | المكتبة المركزية بالمجمعة (CL) | 00111577 | المكتبة المركزية بالمجمعة (CL) | 2013-03-10 | كتاب | Dewey Decimal Classification | ||||
| 2013-03-10 | 306.85019 ر ب س | ن 1 | 2013-02-07 | مكتبة كلية العلوم و الدراسات الإنسانية برماح - طالبات (SRF) | 00111574 | مكتبة كلية العلوم و الدراسات الإنسانية برماح - طالبات (SRF) | 2013-03-10 | كتاب | Dewey Decimal Classification | ||||
| 2013-03-10 | 306.85019 ر ب س | ن 2 | 2013-02-07 | مكتبة كلية العلوم و الدراسات الإنسانية برماح - طالبات (SRF) | 00111573 | مكتبة كلية العلوم و الدراسات الإنسانية برماح - طالبات (SRF) | 2013-03-10 | كتاب | Dewey Decimal Classification | ||||
| 2013-03-10 | 306.85019 ر ب س | ن 1 | 2013-02-07 | مكتبة كلية العلوم و الدراسات الإنسانية برماح - طلاب (SRM) | 00111572 | مكتبة كلية العلوم و الدراسات الإنسانية برماح - طلاب (SRM) | 2013-03-10 | كتاب | Dewey Decimal Classification | ||||
| 2013-03-10 | 306.85019 ر ب س | ن 2 | 2013-02-07 | مكتبة كلية العلوم و الدراسات الإنسانية برماح - طلاب (SRM) | 00111571 | مكتبة كلية العلوم و الدراسات الإنسانية برماح - طلاب (SRM) | 2013-03-10 | كتاب | Dewey Decimal Classification | ||||
| 2013-03-10 | 306.85019 ر ب س | ن 1 | 2013-02-07 | مكتبة مجمع الكليات بالزلفى - طلاب (SZM) | 00111576 | مكتبة مجمع الكليات بالزلفى - طلاب (SZM) | 2013-03-10 | كتاب | Dewey Decimal Classification | ||||
| 2013-03-10 | 306.85019 ر ب س | ن 2 | 2013-02-07 | مكتبة مجمع الكليات بالزلفى - طلاب (SZM) | 00111575 | مكتبة مجمع الكليات بالزلفى - طلاب (SZM) | 2013-03-10 | كتاب | Dewey Decimal Classification |
